Vista normal
Vista MARC
Entrada Corporate Name
Número de registros utilizados en: 1
001 - CONTROL NUMBER
- control field: 14131
003 - CONTROL NUMBER IDENTIFIER
- control field: DLC
005 - DATE AND TIME OF LATEST TRANSACTION
- control field: 20230502095956.0
008 - FIXED-LENGTH DATA ELEMENTS
- fixed length control field: 151119 a|ac|n|aab||||||||||||a |n|||||||
040 ## - CATALOGING SOURCE
- Original cataloging agency: MxPuUPA
- Language of cataloging: spa
- Description conventions: rda
- Transcribing agency: MxPuUPA
- Modifying agency: MxPuUPA
110 1# - HEADING--CORPORATE NAME
- Corporate name or jurisdiction name as entry element: México.
- Subordinate unit: Congreso.
- Subordinate unit: Cámara de Senadores.
- Subordinate unit: LX Legislatura,
- Date of meeting or treaty signing: 2006-2009.
374 ## - OCCUPATION
- Occupation: Autor
377 ## - ASSOCIATED LANGUAGE
- Language code: spa
410 1# - SEE FROM TRACING--CORPORATE NAME
- Corporate name or jurisdiction name as entry element: México.
- Subordinate unit: Congreso.
- Subordinate unit: Cámara de Senadores
410 1# - SEE FROM TRACING--CORPORATE NAME
- Corporate name or jurisdiction name as entry element: México.
- Subordinate unit: Senado de la República
410 1# - SEE FROM TRACING--CORPORATE NAME
- Corporate name or jurisdiction name as entry element: México.
- Subordinate unit: Congreso.
- Subordinate unit: Senado de la República
410 2# - SEE FROM TRACING--CORPORATE NAME
- Corporate name or jurisdiction name as entry element: Cámara de Senadores del H. Congreso de la Unión
410 1# - SEE FROM TRACING--CORPORATE NAME
- Corporate name or jurisdiction name as entry element: México.
- Subordinate unit: Congreso.
- Subordinate unit: H. Cámara de Senadores
410 1# - SEE FROM TRACING--CORPORATE NAME
- Corporate name or jurisdiction name as entry element: México.
- Subordinate unit: Congreso.
- Subordinate unit: Honorable Cámara de Senadores
410 2# - SEE FROM TRACING--CORPORATE NAME
- Corporate name or jurisdiction name as entry element: Senado de la República (México)
670 ## - SOURCE DATA FOUND
- Source citation: Fernández de Zamora. Autores corporativos oficiales de México 1970-1988, 1990:
- Information found: p. 60 (México. Congreso. Cámara de Senadores; México. Senado de la República)
670 ## - SOURCE DATA FOUND
- Source citation: México. Congreso. El proceso legislativo, 1971:
- Information found: port. (Senado de la República) p. 22 (Cámara de Senadores del H. Congreso de la Unión)